NBA finals 2000-2025: Beste Scorer pro Team - Statistiken

Allgemein
  • Dieses Quiz wurde 2.795 mal gespielt
    640 seit der letzten Aktualisierung
  • Das Durchschnittsergebnis liegt bei 92 aus 156
Antwortstatistiken
year team ppg player % Korrekt
2007 Cavs 22.0 LeBron James
97%
2011 Heat 17.8 LeBron James
97%
2012 Heat 28.6 LeBron James
97%
2013 Heat 25.3 LeBron James
97%
2014 Heat 28.2 LeBron James
97%
2015 Cavs 35.8 LeBron James
97%
2016 Cavs 29.7 LeBron James
97%
2017 Cavs 33.6 LeBron James
97%
2018 Cavs 34.0 LeBron James
97%
2020 Lakers 29.8 LeBron James
97%
2000 Lakers 15.6 Kobe Bryant
94%
2001 Lakers 24.6 Kobe Bryant
94%
2002 Lakers 26.8 Kobe Bryant
94%
2004 Lakers 22.6 Kobe Bryant
94%
2008 Lakers 25.7 Kobe Bryant
94%
2009 Lakers 32.4 Kobe Bryant
94%
2010 Lakers 28.6 Kobe Bryant
94%
2015 Warriors 26.0 Stephen Curry
93%
2016 Warriors 22.6 Stephen Curry
93%
2017 Warriors 26.8 Stephen Curry
93%
2018 Warriors 27.5 Stephen Curry
93%
2019 Warriors 30.5 Stephen Curry
93%
2022 Warriors 31.2 Stephen Curry
93%
2012 Thunder 30.6 Kevin Durant
90%
2017 Warriors 35.2 Kevin Durant
90%
2018 Warriors 28.8 Kevin Durant
90%
2000 Lakers 38.0 Shaquille O'Neal
90%
2001 Lakers 33.0 Shaquille O'Neal
90%
2002 Lakers 36.3 Shaquille O'Neal
90%
2004 Lakers 26.6 Shaquille O'Neal
90%
2006 Heat 13.7 Shaquille O'Neal
90%
2024 Mavs 29.5 Luka Doncic
89%
2025 OKC 30.3 Shai Gilgeous-Alexander
88%
2023 Nuggets 30.2 Nikola Jokic
87%
2022 Celtics 21.5 Jayson Tatum
84%
2024 Celtics 20.0 Jayson Tatum
84%
2025 Pacers 14.0 Tyrese Haliburton
83%
2006 Mavs 22.8 Dirk Nowitzki
82%
2011 Mavs 26.0 Dirk Nowitzki
82%
2021 Bucks 35.2 Giannis Antetokounmpo
82%
2016 Cavs 27.1 Kyrie Irving
82%
2017 Cavs 29.4 Kyrie Irving
82%
2024 Mavs 21.0 Kyrie Irving
82%
2022 Celtics 23.5 Jaylen Brown
81%
2024 Celtics 20.8 Jaylen Brown
81%
2006 Heat 34.7 Dwyane Wade
80%
2011 Heat 26.5 Dwyane Wade
80%
2012 Heat 22.6 Dwyane Wade
80%
2013 Heat 19.6 Dwyane Wade
80%
2014 Heat 15.2 Dwyane Wade
80%
2015 Warriors 15.8 Klay Thompson
79%
2016 Warriors 19.6 Klay Thompson
79%
2017 Warriors 16.4 Klay Thompson
79%
2018 Warriors 16.0 Klay Thompson
79%
2019 Warriors 26.0 Klay Thompson
79%
2022 Warriors 17.0 Klay Thompson
79%
2012 Thunder 12.4 James Harden
78%
2003 Spurs 24.2 Tim Duncan
77%
2005 Spurs 20.6 Tim Duncan
77%
2007 Spurs 18.3 Tim Duncan
77%
2013 Spurs 18.9 Tim Duncan
77%
2014 Spurs 15.4 Tim Duncan
77%
2020 Heat 26.2 Jimmy Butler
76%
2023 Heat 21.6 Jimmy Butler
76%
2012 Thunder 27.0 Russell Westbrook
75%
2021 Suns 28.2 Devin Booker
73%
2013 Spurs 14.6 Kawhi Leonard
73%
2014 Spurs 17.8 Kawhi Leonard
73%
2019 Raptors 28.5 Kawhi Leonard
73%
2020 Lakers 25.0 Anthony Davis
71%
2019 Raptors 19.8 Pascal Siakam
71%
2025 Pacers 19.3 Pascal Siakam
71%
2016 Warriors 16.5 Draymond Green
70%
2019 Warriors 12.5 Draymond Green
70%
2023 Nuggets 21.4 Jamal Murray
70%
2011 Heat 18.5 Chris Bosh
66%
2012 Heat 14.6 Chris Bosh
66%
2013 Heat 11.9 Chris Bosh
66%
2014 Heat 14.0 Chris Bosh
66%
2025 OKC 23.6 Jalen Williams
65%
2023 Heat 21.8 Bam Adebayo
61%
2003 Spurs 14.0 Tony Parker
61%
2005 Spurs 13.9 Tony Parker
61%
2007 Spurs 24.5 Tony Parker
61%
2013 Spurs 15.7 Tony Parker
61%
2014 Spurs 18.0 Tony Parker
61%
2021 Suns 21.8 Chris Paul
60%
2001 76ers 35.6 Allen Iverson
59%
2025 OKC 12.3 Chet Holmgren
59%
2008 Lakers 14.7 Pau Gasol
59%
2009 Lakers 18.6 Pau Gasol
59%
2010 Lakers 18.6 Pau Gasol
59%
2017 Cavs 16.0 Kevin Love
58%
2018 Cavs 19.0 Kevin Love
58%
2008 Celtics 18.2 Kevin Garnett
56%
2010 Celtics 15.3 Kevin Garnett
56%
2002 Nets 20.8 Jason Kidd
55%
2003 Nets 19.7 Jason Kidd
55%
2021 Bucks 16.7 Jrue Holiday
55%
2024 Celtics 14.3 Jrue Holiday
55%
2020 Heat 14.7 Tyler Herro
54%
2008 Celtics 20.3 Ray Allen
49%
2010 Celtics 14.6 Ray Allen
49%
2023 Nuggets 14.0 Aaron Gordon
48%
2000 Pacers 24.3 Reggie Miller
48%
2009 Magic 15.4 Dwight Howard
46%
2021 Bucks 24.0 Khris Middleton
46%
2008 Celtics 21.8 Paul Pierce
46%
2010 Celtics 18.0 Paul Pierce
46%
2006 Mavs 14.7 Josh Howard
45%
2019 Raptors 16.2 Kyle Lowry
39%
2005 Spurs 18.7 Manu Ginobili
38%
2007 Spurs 17.8 Manu Ginobili
38%
2021 Suns 14.7 Deandre Ayton
37%
2003 Spurs 10.8 David Robinson
35%
2015 Cavs 11.5 J.R. Smith
35%
2016 Cavs 10.6 J.R. Smith
35%
2018 Cavs 9.5 J.R. Smith
35%
2004 Pistons 13.0 Rasheed Wallace
35%
2005 Pistons 10.9 Rasheed Wallace
35%
2022 Warriors 18.3 Andrew Wiggins
34%
2020 Heat 12.5 Duncan Robinson
33%
2015 Warriors 16.3 Andre Iguodala
32%
2001 Lakers 9.8 Derek Fisher
32%
2002 Lakers 12.8 Derek Fisher
32%
2004 Lakers 6.4 Derek Fisher
32%
2006 Mavs 22.0 Jason Terry
28%
2011 Mavs 18.0 Jason Terry
28%
2004 Pistons 21.0 Chauncey Billups
26%
2005 Pistons 20.4 Chauncey Billups
26%
2024 Mavs 12.5 P.J. Washington
25%
2022 Celtics 15.2 Marcus Smart
22%
2010 Lakers 10.6 Metta World Peace
19%
2025 Pacers 12.4 Bennedict Mathurin
18%
2000 Pacers 23.0 Jalen Rose
16%
2020 Lakers 12.8 Kentavious Caldwell-Pope
16%
2004 Pistons 21.4 Richard Hamilton
15%
2005 Pistons 16.7 Richard Hamilton
15%
2001 76ers 16.8 Dikembe Mutombo
12%
2011 Mavs 13.7 Shawn Marion
12%
2008 Lakers 13.5 Lamar Odom
11%
2009 Lakers 13.4 Lamar Odom
11%
2023 Heat 11.4 Gabe Vincent
9%
2002 Nets 22.0 Kenyon Martin
9%
2003 Nets 14.7 Kenyon Martin
9%
2003 Nets 13.2 Richard Jefferson
9%
2009 Magic 18.0 Hedo Türkoglu
7%
2006 Heat 13.8 Antoine Walker
6%
2009 Magic 17.4 Rashard Lewis
3%
2015 Cavs 14.0 Timofey Mozgov
3%
2007 Cavs 10.8 Daniel Gibson
2%
2001 76ers 12.6 Eric Snow
2%
2000 Lakers 11.5 Glen Rice
2%
2000 Pacers 15.2 Austin Croshere
1%
2007 Cavs 12.8 Drew Gooden
1%
2002 Nets 12.5 Kerry Kittles
1%
Keine übereinstimmenden Quizze gefunden
Verteilung der Resultate
Anzahl Personen mit jedem Resultat
Perzentil nach korrekt beantworteten Fragen
Ihre Resultats-Entwicklung
Sie haben dieses Quiz seit der letzten Aktualisierung nicht gespielt